00938nam a22002537a 45000010005000000030006000050050017000110080041000280200018000690400029000870500015001160820011001311000031001422450076001732600047002493000066002965050008003625200127003705210029004975210020005266500042005466500063005887000033006519768FISKH20260304143831.0260212b cb ||||| |||| 00| 0 eng d a9781570914195 aFISKHbengcFISKHdFISKH aQL145 .W34 a591.76 aWadsworth , GingeeAuthor  aRiver discoveries /cBy Ginger Wadsworth : Illustrated by Paul Kratter  aWatertown , MA :bCharlesbridge , c2002 . a32 unnumbered pages : bcolor illustrations ; c21 X 28 cm .  aK  aExplores the wildlife that depends on a river for food and shelter. Discussion questions follow each section of the text. 8 a510 bLexile estimate 8 aK bRaz-Plus  aStream animals vJuvenile Literature  aStream animals- Idaho- Salmon River vJuvenile Literature  aKratter , PauleIllustrator